Datum a čas kvízu
21.5
Celkem bodů
Celkový počet nahraných bodů na tomto kvízu bez doplňovacích otázek.
8.
Pořadí na kvízu
Konečné umístění týmu na tomto kvízu.
Zaznamenané odpovědi
| # | Otázka | Odpověď | Body | Výsledky |
|---|---|---|---|---|
| 1. | Generálním ředitelem Úřadu prá... | (Roman) Chlopčík | 0 | |
| 2. | Vskutku kuriózním způsobem vyp... | D | 1 | |
| 3. | Ve čtvrtek vyšel trailer na no... | bude černobílá | 0 | |
| 4. | V pondělí byl vládou zrušen od... | NERV (Národní ekonomická rada vlády) | 1 | |
| 5. | Na sociálních sítích jste mohl... | B) krasobruslení | 0 | |
| 6. | Hned v úvodu bod rozdělíme: za... | Ulánbátar; Altaj | 0.5 | |
| 7. | Mongolština může být zapisován... | cyrilice (azbuka) | 0 | |
| 8. | Jak se jmenuje hudební skupina... | The Hu | 0 | |
| 9. | Které náboženství je v Mongols... | buddhismus (lamaismus) | 1 | |
| 10. | Jak se jmenuje česká spisovate... | Petra Hůlová | 0 |